000 00446nam a2200181Ia 4500
001 22473
005 20260414150833.0
008 260414t2008||||xx |||||||||||||| ||spa||
041 _aESP
082 _a621.3815
_bS29
100 _aScheel Mayenberger, Carlos
_eAUT
245 0 _aDinámica de ecosistemas industriales
_b
260 _c2008
300 _a277 páginas :
_c24 cm.
650 _aTCA
654 _aCET
942 _cLIB
_dJUS
_fJUS
_2ddc
_n
999 _c22473
_d22473